1610 1007 1451 1422 1224 1166 1903 1238 2000 1266 1253 1068 1718 1424 1194 1382 1969 1720 1645 1695 1280 1112 1355 1132 1682 1322 1842 1367 1775 1557 1194 1773 1329 1583 1635 1844 1139 1098 1305 1850 1630 1923 1562 1030 1080 1305 1527 1439 1571 1830 1299 1121 1628 1933 1450 1921 1955 1551 1132 1854 1169 1488 1237 1552 1949 1015 1054 1686 1356 1616 1402 1887 1378 1874 1019 1723 1886 1885 1138 1933 1818 1334 1084 1554 1640 1246 1706 1397 1571 1594 1998 1780 1528 1007 1100 1753 1887 1791 1108 BCNSPRNW ULIB Ver.6.0+V

เปลี่ยนเป็นภาษาไทย

Change to English
 แสดงรายละเอียดบรรณานุกรม
  กลับหน้าหลัก

Brief Record : Get Marc (ISO 2709) : E-mail record : QR code < ปิดหน้าต่าง
LEADER : 00000nam 2200000uu 4500
001    13399121940
003     ULIB
008    121214s2552||||th 000 0 tha d
020    ^a9786167056029
060  4 ^aWM15^bว583อ 2552
100 0  ^aวิทยากร เชียงกูล
245 10 ^aอธิบายศัพท์จิตวิทยาและการพัฒนาตนเอง = Dictionary of psychologyand self development /^cวิทยากร เชียงกูล
250    ^aพิมพ์ครั้งที่ 1
260    ^aกรุงเทพฯ :^bสายธาร,^c2552
300    ^a260 หน้า ;^c21 ซม
650  7 ^adictionaries
650  7 ^apsychology
945    ^p200^l0^i16548
945    ^p200^l0^i16549
995    ^aทศพร
999    ^aทศพร เกษรทอง
รายการนี้ยังไม่มีแท็ก
คุณยังไม่ได้ล็อกอิน คุณสามารถมีกิจกรรมร่วมกับเว็บไซต์ได้ แต่ต้องล็อกอินก่อน ::
  ล็อกอิน

รายการสื่อสารสนเทศ

ลำดับที่ ประเภท เลขเรียก/บาร์โค้ด สถานที่ สถานะ
1. วิทยาศาสตร์การแพทย์ และสุขภาพ
วิทยาศาสตร์การแพทย์ และสุขภาพ
สถานะ=หนังสือเก่า
WM15 ว583อ 2552 ฉ.2 
  Barcode: 16549
ห้องสมุดวิทยาเขตนครสวรรค์
►ส่วนจัดเก็บหนังสือเก่า นว.
บนชั้น
  ขอยืม

รายการใกล้เคียง
    ผู้แต่ง [วิทยากร เชียงกูล]

    หัวเรื่อง [dictionaries]
    หัวเรื่อง [psychology]

BibComment


ยังไม่เคยถูกคอมเมนท์

คอมเมนท์ทรัพยากรรายการนี้
  คอมเมนท์: อธิบายศัพท์จิตวิ..


 Copyright 2026. Bcnsprnw @Library